000 00418nam a2200157Ia 4500
003 GCL
008 140319s9999 xx 000 0 eng d
040 _aGCL /
_cGCL
082 0 4 _a341.23
_bL U
100 1 _aLUARD, EVAN
245 1 0 _aTHE UNITED NATIONS: HOW IT WORKS AND WHAT IT DOES /
_cLUARD, EVAN
260 _a[S.N] :
_bMARTIN SECKER ،
_c1979
300 _a187 P
650 0 4 _aUNITED NATIONS
942 _2ddc
_cBK
999 _c12254
_d12254